| 000 | 00497nam a2200193Ia 4500 | ||
|---|---|---|---|
| 005 | 20250508153344.0 | ||
| 008 | 008 250505s9999 xx 000 0 fre d | ||
| 037 | _aBooks to be hide in OPAC | ||
| 040 |
_aFEDL _beng _cFEDL |
||
| 041 |
_afre _2eng |
||
| 084 | _qFEDL | ||
| 100 | _aAulard A | ||
| 245 | 0 | _aNapoleon et le monopole universitaire | |
| 260 |
_aParis _bLibrairie Armand Colin _c1911 |
||
| 300 | _aix,39p. | ||
| 546 | _aWeeded out | ||
| 942 | _cHB | ||
| 999 |
_c1342237 _d1342237 |
||